[Event "64. BEM 2010"]
[Site "Dortmund"]
[Date "2010.03.01"]
[Round "4.29"]
[White "Vogt, Christian"]
[Black "Rabe, Mark"]
[Result "1/2-1/2"]
[WhiteElo "1357"]
[BlackElo "948"]
[PlyCount "87"]
[EventDate "2010.??.??"]
[Source "SG Dortmund"]
[SourceDate "2004.12.16"]

1. d4 g6 2. e4 Bg7 3. e5 e6 4. Nf3 c6 5. Be2 d6 6. O-O Bh6 7. c4 Bxc1 8. Qxc1
h6 9. Nc3 Ne7 10. Ne4 d5 11. Nd6+ Kf8 12. c5 Nf5 13. Qf4 Nxd6 14. cxd6 g5 15.
Qd2 Nd7 16. Ne1 Ke8 17. Bh5 Kf8 18. a4 b6 19. Nd3 Ba6 20. Rfc1 Bb7 21. b4 a6
22. Qe2 Rh7 23. f4 Rg7 {(=)} 24. Rf1 Bc8 25. Rac1 Bb7 26. f5 Qe8 27. fxe6 Qxe6
28. Bg4 Qe8 29. e6 Nb8 30. d7 Nxd7 31. exd7 Qxe2 32. Bxe2 Ke7 33. Ne5 Rd8 34.
Bg4 f6 35. Nxc6+ Bxc6 36. Rxc6 Rgg8 37. Rfxf6 a5 38. bxa5 bxa5 39. Rc8 Kxf6 40.
Rc6+ Ke7 {(=)} 41. Rc5 Rgf8 42. Rxd5 Rb8 43. Re5+ Kd8 44. h3 {(=)} 1/2-1/2

[Event "64. BEM 2010"]
[Site "Dortmund"]
[Date "2010.03.01"]
[Round "4.30"]
[White "Campana, Rafael"]
[Black "Wangrin, Stefan A"]
[Result "1-0"]
[WhiteElo "1708"]
[BlackElo "1076"]
[PlyCount "137"]
[EventDate "2010.??.??"]
[Source "SG Dortmund"]
[SourceDate "2004.12.16"]

1. e4 e5 {(=)} 2. Bc4 Nc6 3. Nf3 Nd4 4. c3 Nxf3+ 5. Qxf3 Qf6 6. Qe2 Bc5 7. d3
d6 8. Nd2 Ne7 9. h3 Ng6 10. Nf3 Nf4 11. Bxf4 Qxf4 12. a3 a6 13. b4 Ba7 14. Rd1
b5 15. Bd5 Rb8 16. Bc6+ Ke7 17. d4 Rd8 18. a4 Bb7 19. axb5 axb5 20. Bxb7 Rxb7
21. dxe5 dxe5 {(=)} 22. Rxd8 Kxd8 23. Qd3+ Ke7 24. O-O Qf6 25. Qd5 c6 26. Qxe5+
Qxe5 27. Nxe5 Rc7 28. Ra1 Ke6 29. Nf3 h6 30. Kf1 f6 31. Ke2 Re7 32. Nd2 f5 33.
f3 Ke5 34. g3 g5 35. Ra6 Kd6 36. Kd3 Bf2 37. g4 fxg4 38. hxg4 Re6 39. c4 Ke5
40. cxb5 cxb5 41. Ra5 Kf4 42. Rxb5 Be1 43. Rf5+ Kg3 44. Ke2 Bxd2 45. Kxd2 Rb6
46. b5 Rb8 47. Kc3 Kh4 48. Kc4 h5 49. gxh5 Kxh5 50. f4 Re8 51. Rxg5+ Kh6 52.
Kd5 Rd8+ 53. Kc6 Rd4 54. Re5 Rc4+ 55. Kb7 Kh7 56. b6 Rc1 57. Kb8 Rf1 58. b7
Rxf4 59. Ka8 Rf8+ 60. b8=Q Rxb8+ 61. Kxb8 Kg6 62. Rf5 Kg7 63. e5 Kg6 64. Rf1
Kh7 {(=)} 65. Rg1 Kh6 66. e6 Kh7 67. e7 Kh6 68. e8=Q Kh7 69. Qh5# 1-0

[Event "64. BEM 2010"]
[Site "Dortmund"]
[Date "2010.03.01"]
[Round "4.31"]
[White "Reker, Gerhard"]
[Black "Rutmann, Ulrich"]
[Result "0-1"]
[WhiteElo "772"]
[BlackElo "1357"]
[PlyCount "108"]
[EventDate "2010.??.??"]
[Source "SG Dortmund"]
[SourceDate "2004.12.16"]

1. e4 d6 2. Nc3 g6 3. Bb5+ c6 4. Ba4 Bg7 5. Nce2 e5 6. c3 Nf6 7. d3 O-O 8. Nf3
Nbd7 9. O-O Nc5 10. b4 Nxa4 11. Qxa4 Bg4 12. Ng3 Bxf3 13. gxf3 Qd7 14. Qd1 d5
15. Bg5 dxe4 16. dxe4 Qe6 17. f4 exf4 18. Bxf4 Qh3 19. Qf3 Ng4 20. Qg2 Qxg2+
21. Kxg2 Bxc3 22. Rab1 Bg7 23. Rbe1 Rfe8 24. f3 Nf6 25. a3 Rad8 26. Bg5 Rd3 27.
a4 Nd7 28. a5 Ne5 29. Be3 a6 30. Bc5 Nc4 31. Rf2 Red8 32. Ree2 Ne5 33. Be7 R8d7
34. Bc5 h5 35. Nf1 g5 36. Ne3 Ng6 37. h3 Nf4+ 38. Kg3 Nxe2+ 39. Rxe2 Be5+ 40.
Kg2 Bd4 41. Bxd4 R7xd4 42. Nf5 Rxb4 43. Ra2 Rbb3 44. Ne7+ Kf8 45. Nf5 Rxf3 46.
Nd4 Rg3+ 47. Kh2 Rxh3+ 48. Kg2 Rbg3+ 49. Kf2 Rd3 50. Ne2 g4 51. Rb2 Rb3 52. Rd2
g3+ 53. Kg2 Rh2+ 54. Kg1 Rb1+ 0-1

[Event "64. BEM 2010"]
[Site "Dortmund"]
[Date "2010.03.01"]
[Round "4.32"]
[White "Wilkins, Petra"]
[Black "Böckmann, Lieselotte"]
[Result "0-1"]
[WhiteElo "783"]
[BlackElo "922"]
[PlyCount "62"]
[EventDate "2010.??.??"]
[Source "SG Dortmund"]
[SourceDate "2004.12.16"]

1. e4 e5 2. Nf3 Nc6 3. Nc3 Nf6 4. d4 Bb4 5. dxe5 Nxe4 6. Bd2 Bxc3 7. Bxc3 O-O
8. Bd3 Nxc3 9. bxc3 Qe7 10. Qe2 h6 11. O-O Kh8 12. h3 b6 13. Rfe1 Bb7 14. Qe4
g6 15. Nh4 Qg5 16. Re3 Ne7 17. Qxb7 Qxh4 18. Qxc7 Nd5 19. Qxd7 Nxe3 20. fxe3
Qg5 21. Qd4 Qe7 22. Rf1 Rad8 23. e6+ Rxd4 24. cxd4 Qxe6 25. e4 Qxa2 26. e5 Qb2
27. e6 Qxd4+ 28. Kh2 Qe5+ 29. g3 Qxe6 30. c4 f5 31. g4 Qd6+ 0-1

[Event "64. BEM 2010"]
[Site "Dortmund"]
[Date "2010.03.02"]
[Round "5.1"]
[White "Zimmermann, Dirk"]
[Black "Heinzel, Olaf"]
[Result "0-1"]
[WhiteElo "1960"]
[BlackElo "2304"]
[PlyCount "84"]
[EventDate "2010.??.??"]
[Source "SG Dortmund"]
[SourceDate "2004.12.16"]

1. e4 d5 2. exd5 Qxd5 3. Nc3 Qd6 4. g3 c6 5. Bg2 Nf6 6. Nge2 Bf5 7. d3 Nbd7 8.
Be3 e6 9. h3 h6 10. g4 Bh7 11. Qd2 Qc7 12. Ng3 Be7 13. a3 Nb6 14. Nge4 Nfd5 15.
Ne2 Nxe3 16. Qxe3 Nd5 17. Qg3 Qa5+ 18. c3 O-O 19. b4 Qd8 20. c4 Nc7 21. c5 f5
22. Nd6 Bh4 23. Qe3 fxg4 24. Ng3 gxh3 25. Bxh3 Qf6 26. O-O a5 27. Rae1 axb4 28.
axb4 Kh8 29. Bg2 Nd5 30. Bxd5 exd5 31. d4 Bg5 32. Qc3 Ra2 33. Re2 Rxe2 34. Nxe2
b5 35. f4 Bh4 36. Qh3 Qe7 37. Qf3 Ra8 38. Ng3 Qf6 39. Rd1 Rf8 40. f5 Qg5 41.
Kh2 Bxg3+ 42. Qxg3 Qh5+ 0-1

[Event "64. BEM 2010"]
[Site "Dortmund"]
[Date "2010.03.02"]
[Round "5.2"]
[White "Schiefelbusch, Dirk"]
[Black "Lindam, Ingo"]
[Result "1/2-1/2"]
[WhiteElo "2125"]
[BlackElo "2076"]
[PlyCount "24"]
[EventDate "2010.??.??"]
[Source "SG Dortmund"]
[SourceDate "2004.12.16"]

1. d4 d5 2. Nf3 e6 3. Bg5 Be7 4. Bxe7 Qxe7 5. a3 c5 6. e3 Nc6 7. c4 Nf6 8. Nc3
cxd4 9. Nxd4 Nxd4 10. Qxd4 e5 11. Qd2 dxc4 12. Bxc4 O-O {(=)} 1/2-1/2

[Event "64. BEM 2010"]
[Site "Dortmund"]
[Date "2010.03.02"]
[Round "5.3"]
[White "Brockmann, Michael"]
[Black "Zachos, Ingo"]
[Result "1/2-1/2"]
[WhiteElo "2063"]
[BlackElo "2024"]
[PlyCount "106"]
[EventDate "2010.??.??"]
[Source "SG Dortmund"]
[SourceDate "2004.12.16"]

1. d4 Nf6 2. c4 g6 3. Nc3 Bg7 4. e4 d6 5. Be2 O-O 6. Bg5 Nbd7 7. Qd2 c6 8. h4
e5 9. d5 Nc5 10. Bf3 cxd5 11. cxd5 Qa5 12. Rb1 Qb4 13. a3 Qd4 14. Qc2 Qc4 15.
b3 Qa6 16. Be2 Qxa3 17. b4 Ncxe4 18. Nb5 Qa6 19. Nc7 Qa3 20. Nb5 Qa6 21. Nc7
Qa3 22. Bxf6 Bxf6 23. Nb5 Qa6 24. Bd3 Qb6 25. Na3 a5 26. Nc4 Qc7 27. Bxe4 axb4
28. Ne3 Qa5 29. Ne2 Bd7 30. h5 Rfc8 31. Qb3 Bd8 32. g4 Ba4 33. Qb2 b3+ 34. Kf1
Qb4 35. Bc2 Bg5 36. Bxb3 Bxe3 37. Bxa4 Qxg4 38. hxg6 hxg6 39. Bd1 Qf5 40. Ng3
Qf4 41. Qe2 Rc3 42. Kg2 Raa3 43. Rh3 Bc5 44. Rxb7 Rd3 45. Rb8+ Kg7 46. Nh5+
gxh5 47. Rxd3 Rxd3 48. Qxd3 Qxf2+ 49. Kh3 Be3 50. Qe2 Qf5+ 51. Kg2 Qg5+ 52. Kh2
Qh4+ 53. Kg2 Qg5+ 1/2-1/2

[Event "64. BEM 2010"]
[Site "Dortmund"]
[Date "2010.03.02"]
[Round "5.4"]
[White "Dreier, Daniel"]
[Black "Zelt, Jens"]
[Result "0-1"]
[WhiteElo "1792"]
[BlackElo "2020"]
[PlyCount "74"]
[EventDate "2010.??.??"]
[Source "SG Dortmund"]
[SourceDate "2004.12.16"]

1. Nf3 c5 2. d3 d5 3. c3 Nc6 4. Nbd2 Nf6 5. h3 e6 6. Qc2 Qc7 7. e4 Be7 8. Be2
O-O 9. g4 dxe4 10. dxe4 a6 11. Nf1 b5 12. Ng3 Bb7 13. Be3 Rfd8 14. g5 Ne8 15.
h4 Qa5 16. Kf1 Rac8 17. h5 Qb6 18. g6 Nd4 19. gxf7+ Kxf7 20. Qb1 Nxf3 21. Bxf3
Bf6 22. Rg1 Qc7 23. Bg4 Be5 24. Qc2 Nf6 25. Bf3 Bf4 26. e5 Bxe5 27. Ne4 Bxe4
28. Bxe4 Rh8 29. Bf3 Rcd8 30. Ke2 Bf4 31. Rae1 Bxe3 32. fxe3 Qe5 33. Ref1 Rd6
34. Rg2 Rhd8 35. Bg4 Rd2+ 36. Ke1 Rxc2 37. Rxc2 Qg3+ 0-1

[Event "64. BEM 2010"]
[Site "Dortmund"]
[Date "2010.03.02"]
[Round "5.5"]
[White "Ziemek, Gerhard"]
[Black "Lauche, Christoph"]
[Result "0-1"]
[WhiteElo "1717"]
[BlackElo "1960"]
[PlyCount "72"]
[EventDate "2010.??.??"]
[Source "SG Dortmund"]
[SourceDate "2004.12.16"]

1. d4 f5 2. c4 Nf6 3. Nc3 g6 4. Nf3 Bg7 5. e3 O-O 6. Bd3 d6 7. O-O Nc6 8. a3 e5
9. d5 Ne7 10. Bc2 h6 11. b4 g5 12. Bb2 Bd7 13. Bb3 Qe8 14. Qd2 Qh5 15. Bd1 g4
16. Ne1 f4 17. exf4 exf4 18. Nd3 Ng6 19. f3 g3 20. h3 Nh7 21. Ne2 Bxb2 22. Qxb2
Ng5 23. Nxg3 fxg3 24. f4 Qh4 25. fxg5 Rxf1+ 26. Kxf1 Qxc4 27. Be2 Rf8+ 28. Kg1
Nf4 29. Nxf4 Qxf4 30. gxh6 Qe3+ 31. Kh1 Qxh6 32. Qc3 Qh4 33. Qc2 Bf5 34. Bd3
Bxh3 35. Bh7+ Kh8 36. gxh3 Qxh3+ 0-1

[Event "64. BEM 2010"]
[Site "Dortmund"]
[Date "2010.03.02"]
[Round "5.6"]
[White "Morawietz, Manuel"]
[Black "Raskin, Vitali"]
[Result "1-0"]
[WhiteElo "1952"]
[BlackElo "1653"]
[PlyCount "144"]
[EventDate "2010.??.??"]
[Source "SG Dortmund"]
[SourceDate "2004.12.16"]

1. e4 e5 2. Nf3 Nc6 3. Bb5 a6 4. Bxc6 dxc6 5. d4 exd4 6. Qxd4 Qxd4 7. Nxd4 Nf6
8. O-O Bc5 9. Nb3 Ba7 10. Nc3 Be6 11. Bg5 Ng4 12. h3 f6 13. Bf4 Ne5 14. Rad1
O-O 15. Na4 Rad8 16. Nac5 Bxb3 17. Nxb3 Rd6 18. Na5 b6 19. Bxe5 fxe5 20. Rxd6
cxd6 21. Nxc6 Bb8 22. Rd1 Bc7 23. c4 Re8 24. Nb4 Ra8 25. Rd3 b5 26. cxb5 axb5
27. a3 Kf7 28. Nd5 Bd8 29. Rb3 Rb8 30. Nc3 b4 31. Rxb4 Rxb4 32. axb4 Ke6 33. b5
Kd7 34. Nd5 Kc8 35. b4 Kb7 36. Kf1 Bb6 37. Ke2 Bd4 38. g3 Bb2 39. Ne7 Kb6 40.
Nf5 Kxb5 41. Nxd6+ Kxb4 42. Ne8 g6 43. Nf6 h5 44. Kd3 Bd4 45. f3 Kc5 46. Nd7+
Kd6 47. Nf8 g5 48. g4 hxg4 49. fxg4 Bf2 50. Nh7 Bh4 51. Nf6 Ke6 52. Nd5 Bf2 53.
Nb4 Bh4 54. Ke2 Bg3 55. Nd3 Bh4 56. Nb4 Kd6 57. Nc2 Kc5 58. Kf3 Kd6 59. Ne3 Ke6
60. Ng2 Kf6 61. Nxh4 gxh4 62. Kf2 Kg6 63. Ke2 Kf6 64. Kd3 Kg6 65. Kc4 Kg5 66.
Kc5 Kf4 67. Kd5 Kg3 68. g5 Kxh3 69. g6 Kg3 70. Kxe5 h3 71. g7 h2 72. g8=R+ Kf3
1-0

[Event "64. BEM 2010"]
[Site "Dortmund"]
[Date "2010.03.02"]
[Round "5.7"]
[White "Imrek, Ozan Mert"]
[Black "Simon, Thomas"]
[Result "0-1"]
[WhiteElo "1351"]
[BlackElo "1885"]
[PlyCount "64"]
[EventDate "2010.??.??"]
[Source "SG Dortmund"]
[SourceDate "2004.12.16"]

1. d4 Nf6 2. c4 e6 3. Nc3 Bb4 4. a3 Bxc3+ 5. bxc3 c5 6. Bg5 Qa5 7. Bd2 O-O 8.
e3 d5 9. cxd5 exd5 10. c4 Qc7 11. cxd5 cxd4 12. Ne2 dxe3 13. Bxe3 Qa5+ 14. Qd2
Qxd2+ 15. Bxd2 Nxd5 16. g3 Re8 17. Kd1 Bg4 18. h3 Bf3 19. Rg1 Nc6 20. Rb1 Nd4
21. Bg2 Bxe2+ 22. Kc1 Rac8+ 23. Kb2 Rc2+ 24. Ka1 Rxd2 25. Bxd5 Nc2+ 26. Ka2
Rxd5 27. Rxb7 Ra5 28. Rc1 Nxa3 29. g4 Bf3 30. Rd7 Rb8 31. Rd3 Nc2+ 32. Ra3
Rxa3# 0-1

[Event "64. BEM 2010"]
[Site "Dortmund"]
[Date "2010.03.02"]
[Round "5.8"]
[White "Schütte, Tobias"]
[Black "Hübel, Carsten"]
[Result "1-0"]
[WhiteElo "1980"]
[BlackElo "1344"]
[PlyCount "61"]
[EventDate "2010.??.??"]
[Source "SG Dortmund"]
[SourceDate "2004.12.16"]

1. e4 c5 2. Nf3 Nc6 3. Bb5 g6 4. O-O Bg7 5. Re1 e6 6. c3 Nge7 7. d4 Qb6 8. Bxc6
Nxc6 9. d5 Ne5 10. Nxe5 Bxe5 11. Nd2 Qc7 12. Nc4 Bg7 13. dxe6 dxe6 14. Nd6+ Kf8
15. e5 b6 16. Bg5 h6 17. Bh4 Kg8 18. f4 Kh7 19. Qg4 Rf8 20. Rad1 Bb7 21. Re3 h5
22. Qh3 c4 23. Rg3 Bd5 24. Rd4 a6 25. Re3 b5 26. g4 f6 27. gxh5 gxh5 28. Bxf6
Bh6 29. Qxh5 Rg8+ 30. Rg3 Qb8 31. Qf7+ 1-0

[Event "64. BEM 2010"]
[Site "Dortmund"]
[Date "2010.03.02"]
[Round "5.9"]
[White "Komenda, Thomas"]
[Black "Begna, Bozidar"]
[Result "0-1"]
[WhiteElo "1461"]
[BlackElo "1958"]
[PlyCount "68"]
[EventDate "2010.??.??"]
[Source "SG Dortmund"]
[SourceDate "2004.12.16"]

1. d4 d6 2. c4 e5 3. dxe5 dxe5 4. Qxd8+ Kxd8 5. Nc3 Bb4 6. Bd2 Be6 7. e3 Nd7 8.
a3 Bxc3 9. Bxc3 a5 10. Nf3 f6 11. b4 axb4 12. axb4 Rxa1+ 13. Bxa1 c5 14. b5 Nh6
15. Bd3 Kc7 16. Ke2 Nf7 17. Nd2 Nd6 18. Bc3 Ra8 19. Bxh7 Nxc4 20. Bd3 Nxd2 21.
Bxd2 Ra2 22. Rc1 Kb6 23. f4 Bg4+ 24. Ke1 Be6 25. f5 Bd5 26. g4 e4 27. Be2 Ne5
28. Rb1 Nf3+ 29. Bxf3 exf3 30. Rd1 Bc4 31. Rc1 f2+ 32. Kxf2 Rxd2+ 33. Ke1 Re2+
34. Kd1 Bxb5 0-1

[Event "64. BEM 2010"]
[Site "Dortmund"]
[Date "2010.03.02"]
[Round "5.10"]
[White "Werner, Patrick"]
[Black "Krüger, Georg"]
[Result "1/2-1/2"]
[WhiteElo "1832"]
[BlackElo "1679"]
[PlyCount "29"]
[EventDate "2010.??.??"]
[Source "SG Dortmund"]
[SourceDate "2004.12.16"]

1. d4 Nf6 2. Nf3 g6 3. c4 Bg7 4. Nc3 d5 5. g3 O-O 6. Bg2 c6 7. O-O dxc4 8. Ne5
Ng4 9. Nxg4 Bxg4 10. Qa4 Be6 11. Rd1 Nd7 12. Bg5 h6 13. Bf4 Nb6 14. Qa3 Nd5 15.
Nxd5 {(=)} 1/2-1/2

[Event "64. BEM 2010"]
[Site "Dortmund"]
[Date "2010.03.02"]
[Round "5.11"]
[White "Gegner, Michael"]
[Black "Hoppe, Dirk"]
[Result "1/2-1/2"]
[WhiteElo "1551"]
[BlackElo "1828"]
[PlyCount "55"]
[EventDate "2010.??.??"]
[Source "SG Dortmund"]
[SourceDate "2004.12.16"]

1. e4 e6 2. d4 d5 3. c4 dxe4 4. Nc3 Nf6 5. f3 e3 6. Bxe3 c6 7. Bd3 Na6 8. a3
Be7 9. Nge2 Bd7 10. Qd2 Nc7 11. O-O b5 12. c5 Ncd5 13. Bf2 O-O 14. Ne4 Ne8 15.
f4 f5 16. Ng5 Nxf4 17. Nf3 Nxd3 18. Qxd3 Nf6 19. Rae1 Re8 20. Nf4 Ne4 21. Be3
Bf6 22. Rd1 Qc7 23. Nh5 Rad8 24. Nxf6+ Nxf6 25. Ne5 Rf8 26. Bf4 Nd5 27. Bg5 Nf6
28. Bf4 1/2-1/2

[Event "64. BEM 2010"]
[Site "Dortmund"]
[Date "2010.03.02"]
[Round "5.12"]
[White "Borjini, Faouzi"]
[Black "Zabel, Reinhard"]
[Result "1-0"]
[WhiteElo "1919"]
[BlackElo "1492"]
[PlyCount "45"]
[EventDate "2010.??.??"]
[Source "SG Dortmund"]
[SourceDate "2004.12.16"]

1. e4 e5 2. Nf3 Nf6 3. Nxe5 d6 4. Nf3 Nxe4 5. d4 d5 6. Bd3 Bf5 7. O-O Be7 8.
Re1 O-O 9. c4 c6 10. Qc2 Re8 11. Nc3 Bb4 12. a3 Bxc3 13. bxc3 Bg6 14. Ne5 Nf6
15. Bxg6 hxg6 16. Bg5 dxc4 17. Nxc4 Na6 18. Ne3 Qd7 19. Bxf6 gxf6 20. h3 Re6
21. Ng4 Rae8 22. Re3 Rxe3 23. Nxf6+ 1-0

[Event "64. BEM 2010"]
[Site "Dortmund"]
[Date "2010.03.02"]
[Round "5.13"]
[White "Vojdani, Bahram"]
[Black "Rzoczek, Christoph"]
[Result "0-1"]
[WhiteElo "1735"]
[BlackElo "1468"]
[PlyCount "98"]
[EventDate "2010.??.??"]
[Source "SG Dortmund"]
[SourceDate "2004.12.16"]

1. d4 Nf6 2. c4 c6 3. Nf3 d5 4. Qc2 h6 5. e3 e6 6. Bd3 Bd6 7. O-O Nbd7 8. Nc3
O-O 9. e4 dxe4 10. Nxe4 Nxe4 11. Bxe4 Nf6 12. Bd3 Qc7 13. Re1 c5 14. h3 b6 15.
dxc5 bxc5 16. Qc3 Nh7 17. b3 Bb7 18. Be4 Be7 19. Qc2 Nf6 20. Bxb7 Qxb7 21. Bb2
Rfd8 22. Rad1 Rxd1 23. Rxd1 Rd8 24. Rxd8+ Bxd8 25. Qd2 Qd7 26. Kf1 Qxd2 27.
Nxd2 Nd7 28. Ke2 f6 29. Ne4 Be7 30. Ke3 Kf7 31. Nc3 g5 32. Nb5 a6 33. Na3 h5
34. Nc2 e5 35. Ke2 Ke6 36. Ne3 Nb8 37. Nd5 Bd6 38. g4 hxg4 39. hxg4 Nc6 40. a3
Na5 41. Kd3 Nxb3 42. Bc3 Nd4 43. Bxd4 cxd4 44. a4 f5 45. f3 a5 46. Nb6 Kf6 47.
Nd5+ Kg6 48. Nb6 e4+ 49. fxe4 fxg4 {
und Schwarz gewann nach einer Reihe von nicht korrekt notierten Zuegen ...} 0-1

[Event "64. BEM 2010"]
[Site "Dortmund"]
[Date "2010.03.02"]
[Round "5.14"]
[White "Grube, Jörg"]
[Black "Weih, Kurt"]
[Result "1-0"]
[WhiteElo "1730"]
[BlackElo "1356"]
[PlyCount "67"]
[EventDate "2010.??.??"]
[Source "SG Dortmund"]
[SourceDate "2004.12.16"]

1. e4 e5 2. Nf3 Nc6 3. Bc4 Nf6 4. d3 h6 5. Nc3 Bb4 6. O-O d6 7. Ne2 Bg4 8. Ng3
Qd7 9. c3 Ba5 10. b4 Bb6 11. a4 a6 12. h3 Be6 13. Bxe6 fxe6 14. a5 Ba7 15. Be3
Bxe3 16. fxe3 O-O 17. d4 exd4 18. exd4 Rae8 19. Qb3 Kh7 20. c4 Ne7 21. e5 dxe5
22. dxe5 Nfg8 23. Rfd1 Qc6 24. Nd4 Qd7 25. b5 Ng6 26. Nf3 Qe7 27. bxa6 Qc5+ 28.
Kh1 bxa6 29. Ne4 Qe7 30. Qb7 Ra8 31. Ra2 Rfb8 32. Qc6 Nf8 33. Rad2 Qf7 34.
Nfg5+ 1-0

[Event "64. BEM 2010"]
[Site "Dortmund"]
[Date "2010.03.02"]
[Round "5.15"]
[White "Schultz, Bernfried"]
[Black "Gennat, Egon L"]
[Result "1-0"]
[WhiteElo "1710"]
[BlackElo "1353"]
[PlyCount "61"]
[EventDate "2010.??.??"]
[Source "SG Dortmund"]
[SourceDate "2004.12.16"]

1. e4 g6 2. d4 Bg7 3. f4 d6 4. Be3 e6 5. Nf3 Ne7 6. Nc3 O-O 7. Qd2 Nd7 8. Bd3
b6 9. O-O-O Bb7 10. h4 c5 11. h5 cxd4 12. Bxd4 Nf6 13. hxg6 hxg6 14. f5 e5 15.
Be3 Ng4 16. Bh6 Bf6 17. Bxf8 Qxf8 18. Kb1 Bg7 19. Rh4 Bh6 20. Qe2 gxf5 21. exf5
Nf6 22. Rdh1 Bg7 23. Qe3 e4 24. Qg5 Ng6 25. fxg6 exd3 26. gxf7+ Kxf7 27. cxd3
Re8 28. Qg3 Rc8 29. Ng5+ Ke7 30. Re1+ Kd7 31. Qh3+ 1-0

[Event "64. BEM 2010"]
[Site "Dortmund"]
[Date "2010.03.02"]
[Round "5.16"]
[White "Raabe, Hans-Ulrich"]
[Black "Benke, Werner"]
[Result "1/2-1/2"]
[WhiteElo "1338"]
[BlackElo "1613"]
[PlyCount "61"]
[EventDate "2010.??.??"]
[Source "SG Dortmund"]
[SourceDate "2004.12.16"]

1. e4 e6 2. d4 d5 3. Nc3 dxe4 4. Nxe4 Nd7 5. Nf3 Ngf6 6. Bd3 Nxe4 7. Bxe4 Nf6
8. Bg5 Be7 9. Bd3 O-O 10. O-O Nd5 11. Bxe7 Qxe7 12. c3 b6 13. Be4 Rb8 14. Re1
Nf6 15. Bc6 Qd6 16. Ne5 Bd7 17. Bxd7 Nxd7 18. Qa4 Nxe5 19. Rxe5 f6 20. Re3 c5
21. dxc5 bxc5 22. Rd1 Qb6 23. b3 Rfd8 24. Red3 Rxd3 25. Rxd3 Rd8 26. Rd7 Rxd7
27. Qxd7 h6 28. h4 Kh7 29. h5 a6 30. Qe8 Qd6 31. Qg6+ 1/2-1/2

[Event "64. BEM 2010"]
[Site "Dortmund"]
[Date "2010.03.02"]
[Round "5.17"]
[White "Strotmann, Dieter"]
[Black "Dörre, Niels"]
[Result "0-1"]
[WhiteElo "1274"]
[BlackElo "1609"]
[PlyCount "52"]
[EventDate "2010.??.??"]
[Source "SG Dortmund"]
[SourceDate "2004.12.16"]

1. e4 c5 2. Nf3 d6 3. c3 Nf6 4. d3 Nc6 5. Bg5 g6 6. Bxf6 exf6 7. Be2 Bg7 8. d4
cxd4 9. Nxd4 Nxd4 10. cxd4 f5 11. Nc3 O-O 12. O-O a6 13. f3 b5 14. a3 Qb6 15.
Kh1 fxe4 16. Nxe4 Bb7 17. Qd2 Rfe8 18. Rad1 Re7 19. Qf4 Rd8 20. Rd2 f5 21. Qg5
Rde8 22. Nc3 Bxd4 23. Rfd1 Bxc3 24. Rxd6 Rxe2 25. Rd8 Qf2 26. Rxe8+ Rxe8 0-1

[Event "64. BEM 2010"]
[Site "Dortmund"]
[Date "2010.03.02"]
[Round "5.18"]
[White "Duschek, Günter"]
[Black "Rüttiger, Volker"]
[Result "1/2-1/2"]
[WhiteElo "1607"]
[BlackElo "1213"]
[PlyCount "99"]
[EventDate "2010.??.??"]
[Source "SG Dortmund"]
[SourceDate "2004.12.16"]

1. d4 d5 2. Bf4 Nf6 3. Nf3 e6 4. e3 Bd6 5. Bg3 O-O 6. Be2 a6 7. a4 Re8 8. Nbd2
Ng4 9. Ne5 Nh6 10. Ndf3 Nf5 11. Nd3 Nxg3 12. hxg3 Nd7 13. Nfe5 Qe7 14. Bh5 Nxe5
15. dxe5 Bc5 16. Nxc5 Qxc5 17. c3 Bd7 18. Be2 b5 19. Bd3 g6 20. Qf3 Qf8 21. Rh4
Qg7 22. Kd2 c5 23. Rah1 Rf8 24. Rxh7 Qxh7 25. Rxh7 Kxh7 26. a5 Kg7 27. Qf6+ Kg8
28. Qe7 c4 29. Bc2 Rad8 30. g4 Rfe8 31. Qf6 Rb8 32. f4 b4 33. f5 bxc3+ 34. Kxc3
exf5 35. gxf5 Bxf5 36. Bxf5 gxf5 37. Qxf5 Rb3+ 38. Kd4 Rd3+ 39. Kc5 Kf8 40. Qf6
Re6 41. Qh8+ Ke7 42. Qc8 c3 43. Qb7+ Kf8 44. bxc3 Rxe3 45. Kxd5 R3xe5+ 46. Kd4
Rb5 47. Qc7 Rg6 48. g3 Rbg5 49. Qd8+ Kg7 50. Qe7 1/2-1/2

[Event "64. BEM 2010"]
[Site "Dortmund"]
[Date "2010.03.02"]
[Round "5.19"]
[White "Fahle, Karl-Wilhelm"]
[Black "Türtmann, Werner"]
[Result "0-1"]
[WhiteElo "1160"]
[BlackElo "1579"]
[PlyCount "94"]
[EventDate "2010.??.??"]
[Source "SG Dortmund"]
[SourceDate "2004.12.16"]

1. e4 e5 2. f4 Nc6 3. Nf3 d6 4. Bc4 h6 5. O-O exf4 6. d4 g5 7. c3 Na5 8. Bd3 c6
9. b4 b5 10. bxa5 Qxa5 11. Qc2 Be6 12. Nbd2 Bg7 13. e5 dxe5 14. Nxe5 Qb6 15.
Ndf3 g4 16. Ng6 gxf3 17. Nxh8 Bxh8 18. Rxf3 Bxd4+ 19. Kh1 Be3 20. Bxe3 fxe3 21.
Re1 O-O-O 22. Rfxe3 Ne7 23. Qe2 Nd5 24. Rf3 Nxc3 25. Qc2 Nd5 26. Be4 Nb4 27.
Qc1 {(=)} 27... Na6 28. Bxc6 Nc7 29. a3 a6 30. Rc3 Kb8 31. Bf3 Bc4 32. h3 Nd5
33. Bxd5 Bxd5 34. Qf4+ Qd6 35. Qxd6+ Rxd6 36. Re8+ Kb7 37. Rh8 Kb6 38. Rhc8 Ka5
39. Re8 Ka4 40. Ree3 Rg6 41. Rg3 Rxg3 42. Rxg3 Bb3 43. Rg8 Bc4 44. Rh8 Kxa3 45.
Rxh6 b4 46. Rxa6+ Bxa6 47. h4 b3 0-1

[Event "64. BEM 2010"]
[Site "Dortmund"]
[Date "2010.03.02"]
[Round "5.20"]
[White "Noori, Mir Ahmad"]
[Black "Militello, Luca"]
[Result "1-0"]
[WhiteElo "1566"]
[BlackElo "1025"]
[PlyCount "41"]
[EventDate "2010.??.??"]
[Source "SG Dortmund"]
[SourceDate "2004.12.16"]

1. d4 d5 2. Nf3 Nf6 3. e3 Bg4 4. Be2 e6 5. Nbd2 Nc6 6. a3 Bd6 7. c4 Be7 8. b4
O-O 9. Bb2 h6 10. O-O Re8 11. Rc1 a6 12. Re1 Rb8 13. Qc2 Qd7 14. b5 Na7 15. Ne5
Qd8 16. Nxg4 Nxg4 17. Bxg4 Rc8 18. cxd5 Qxd5 19. a4 axb5 20. Bf3 Qa2 21. Ra1
1-0

[Event "64. BEM 2010"]
[Site "Dortmund"]
[Date "2010.03.02"]
[Round "5.21"]
[White "Tekin, Baran"]
[Black "Schirmer, Michael"]
[Result "0-1"]
[WhiteElo "948"]
[BlackElo "1561"]
[PlyCount "72"]
[EventDate "2010.??.??"]
[Source "SG Dortmund"]
[SourceDate "2004.12.16"]

1. d4 e6 2. c4 c5 3. d5 d6 4. Nc3 exd5 5. cxd5 Nf6 6. Bg5 g6 7. e4 Bg7 8. Bb5+
Bd7 9. Bxd7+ Nbxd7 10. Nf3 O-O 11. O-O Re8 12. Re1 {(=)} 12... Qb6 13. Qb3 Qb4
14. Qxb4 cxb4 15. Nb5 Rxe4 16. Nxd6 Rxe1+ 17. Rxe1 Nxd5 18. Nxb7 Bxb2 19. Rb1
Bc3 20. Bd2 a5 21. Bxc3 Nxc3 22. Rb3 Nxa2 23. Rb2 Nc3 24. Nd4 Ne5 25. Nc5 Rd8
26. Rd2 Nc4 27. Rd3 Rxd4 28. Rxd4 Ne2+ 29. Kf1 Nxd4 30. Nd3 b3 31. Ke1 a4 32.
Kd1 a3 33. Kc1 a2 34. Kd1 a1=Q+ 35. Nc1 b2 36. Ke1 Qxc1# 0-1

[Event "64. BEM 2010"]
[Site "Dortmund"]
[Date "2010.03.02"]
[Round "5.22"]
[White "Müller, Michaela"]
[Black "Grawe, Herbert"]
[Result "0-1"]
[WhiteElo "1042"]
[BlackElo "1495"]
[PlyCount "48"]
[EventDate "2010.??.??"]
[Source "SG Dortmund"]
[SourceDate "2004.12.16"]

1. d4 Nc6 2. Nf3 e6 3. Bg5 Nf6 4. Nc3 h6 5. Bxf6 Qxf6 6. e3 d5 7. a3 a6 8. Be2
Bd6 9. O-O g5 10. g3 Ne7 11. Ne1 c6 12. Bh5 e5 13. dxe5 Bxe5 14. Qf3 Qg7 15. e4
g4 16. Qd1 d4 17. Na4 Qg5 18. Bxf7+ Kxf7 19. f3 Kg7 20. f4 Qg6 21. fxe5 Qxe4
22. Nd3 Qe3+ 23. Kh1 Be6 24. Nac5 Bd5+ 0-1

[Event "64. BEM 2010"]
[Site "Dortmund"]
[Date "2010.03.02"]
[Round "5.23"]
[White "Schoppe, Hans-Werner"]
[Black "Campana, Rafael"]
[Result "1/2-1/2"]
[WhiteElo "1224"]
[BlackElo "1708"]
[PlyCount "78"]
[EventDate "2010.??.??"]
[Source "SG Dortmund"]
[SourceDate "2004.12.16"]

1. d4 Nf6 2. c4 e6 3. Nc3 d5 4. cxd5 exd5 5. Bg5 c6 6. Nf3 Be7 7. e3 Bf5 8.
Bxf6 Bxf6 9. Bd3 Bg4 10. h3 Be6 11. Qc2 h6 12. Bf5 Qd6 13. Bxe6 Qxe6 14. Ne2
Nd7 15. Nf4 Qd6 16. Nh5 O-O 17. h4 Bd8 18. g4 Ba5+ 19. Nd2 c5 20. Qa4 Bxd2+ 21.
Kxd2 Nb6 22. dxc5 Qxc5 23. Qd4 Nc4+ 24. Ke2 Qxd4 25. exd4 Rfe8+ 26. Kf3 Re4 27.
g5 Nd2+ 28. Kg3 hxg5 29. hxg5 Rae8 30. Rh4 Rxh4 31. Kxh4 Re4+ 32. Kg3 Rxd4 33.
f4 Ne4+ 34. Kf3 Rd3+ 35. Ke2 Rh3 36. Nxg7 Kxg7 37. Rd1 Rh2+ 38. Ke3 Rxb2 39.
Rxd5 Rb6 1/2-1/2